01542nab a22002537a 4500999001500000003000400015005001700019008004100036040000700077100002900084245016300113260007300276300001500349500007300364505040300437505011600840505008900956650002801045650002001073650002301093650001901116773014001135942001301275 c6338d6338OSt20260130213932.0190603e xxum|||| |||| 00| 0 spa d cPJ 9989aMazzinghi, Jorge A.13aLa salud mental y el discernimiento para contraer matrimonio :boposición de los hijos al casamiento de su madre de avanzada edad /cJorge A. M. Mazzinghi.  cCiudad Autónoma de Buenos Aires :aThomson Reuters La Ley, b2025. ap. 164-176 aCita: TR LALEY AR/DOC/2248/2025 Publicado en: RCCyC 2025 (Octubre). aSumario: I. Introducción.— II. Los antecedentes del caso y las alternativas procesales.— III. Una curiosa duda acerca de la celebración del matrimonio.— IV. Razones para oponerse a la celebración del matrimonio.— V. Una respuesta más favorable a resguardar el derecho a casarse.— VI. El núcleo de lo que debe resolverse cuando se trata del impedimento de falta de salud mental.  aFallo comentado: ST Entre Ríos, sala II civil y com. ~ 01/07/2025 ~ C. O. E. y otra s/ incidentes (familia). t¿Te interesa el texto completo? Solicitalo al correo: koha@justierradelfuego.gov.ar 09967aDERECHO DE FAMILIA 09962aMATRIMONIO 091272aSALUD MENTAL 0aDISCERNIMIENTO0 0271393170dCiudad Autónoma de Buenos Aires : Thomson Reuters La Ley, 2015-tRevista Código Civil y Comercial. Nº 5 - Octubre 2025 2udccANA